[Event "4NCL/Div3/WRO2 vs. GUI3"]
[Site "West Bromwich ENG"]
[Date "2003.05.26"]
[Round "11.5"]
[White "Cumbers, Paul"]
[Black "Lang, Heather"]
[Result "1-0"]
[WhiteElo "2040"]
[BlackElo "2069"]
[PlyCount "89"]
[EventDate "2003.05.26"]

1. e4 e5 2. f4 Bc5 3. Nf3 d6 4. Nc3 Nf6 5. Bc4 Nc6 6. d3 exf4 7. Bxf4 O-O 8.
Na4 Qe7 9. Nxc5 d5 10. Bg5 dxc4 11. Na4 cxd3 12. cxd3 Qb4+ 13. Nc3 Ng4 14. Qe2
Be6 15. O-O Qc5+ 16. Kh1 Rae8 17. h3 h6 18. Bf4 Nf6 19. Bxc7 Nb4 {=} 20. Bh2
Nxd3 21. Qxd3 Bc4 22. Qd6 Qxd6 23. Bxd6 Nxe4 24. Nxe4 Bxf1 25. Rxf1 Rxe4 26.
Bxf8 Kxf8 27. Re1 Rc4 28. Re2 f6 29. Kg1 Kf7 30. Kf2 h5 31. Ke1 Kg6 32. Re7 Rc2
33. Rxb7 a5 34. Nd2 Rc1+ 35. Kf2 Rc2 36. Ke3 f5 37. Kd3 Rc8 38. Ra7 Rd8+ 39.
Kc3 Re8 40. Rxa5 Re2 41. Nf3 Kf6 42. Rxf5+ Kxf5 43. Nd4+ Ke4 44. Nxe2 Ke3 45.
a4 1-0

[Event "4NCL/Div3/WRO2 vs. GUI3"]
[Site "West Bromwich ENG"]
[Date "2003.05.26"]
[Round "11.6"]
[White "Hill, David F"]
[Black "White, Mark W"]
[Result "0-1"]
[WhiteElo "2066"]
[BlackElo "2104"]
[PlyCount "141"]
[EventDate "2003.05.26"]

1. d4 Nf6 2. Nf3 e6 3. Bg5 d5 4. e3 Be7 5. c4 O-O 6. Nc3 c6 7. Qc2 Nbd7 8. Rd1
Qa5 9. cxd5 exd5 10. Bd3 h6 11. Bh4 Re8 12. O-O Bd6 13. Bg3 Bxg3 14. hxg3 Qb4
15. Rfe1 Qd6 16. e4 dxe4 17. Bxe4 Nb6 18. Ne5 Be6 19. Bf5 Nbd5 20. Nc4 Qd7 21.
Nxd5 Nxd5 22. Bh7+ Kh8 23. Ne5 Qc7 24. Bf5 Bxf5 25. Qxf5 {=} Kg8 26. Nc4 Rad8
27. Ne3 Nf6 28. Qc2 Qa5 29. a3 Rxd4 30. Rxd4 Qxe1+ 31. Kh2 Qa5 32. Qd3 Qe5 33.
Rd8 Rxd8 34. Qxd8+ Kh7 35. Qd3+ g6 36. b4 Ng4+ 37. Nxg4 Qh5+ 38. Kg1 Qxg4 39.
Kh2 Qe6 40. f3 Qd5 41. Qe3 b6 42. Qe7 a5 43. Qb7 axb4 44. axb4 b5 45. Qe7 Kg7
46. Qe3 Qd6 47. Qe1 h5 48. f4 Qd4 49. Qe7 Qc3 50. Qd6 Qb2 51. Qc5 Qf6 52. Kg1
h4 53. Kf2 Qb2+ 54. Ke3 hxg3 55. Qd4+ Qxd4+ 56. Kxd4 Kf6 57. Kc5 Kf5 58. Kxc6
Kxf4 59. Kxb5 Ke3 60. Kc6 Kf2 61. b5 Kxg2 62. b6 Kh1 63. b7 g2 64. b8=Q g1=Q
65. Qf4 Qg2+ 66. Kc5 Qc2+ 67. Kd5 Qb3+ 68. Kc5 Kg2 69. Qg4+ Qg3 70. Qd1 Qf3 71.
Qc1 0-1

[Event "4NCL/Div3/WRO2 vs. GUI3"]
[Site "West Bromwich ENG"]
[Date "2003.05.26"]
[Round "11.7"]
[White "Shaw, Peter"]
[Black "Stimpson, Philip M"]
[Result "1-0"]
[WhiteElo "1984"]
[BlackElo "1944"]
[PlyCount "103"]
[EventDate "2003.05.26"]

1. d4 Nf6 2. Nf3 d5 3. e3 e6 4. Bd3 c5 5. c3 Nc6 6. Nbd2 Bd6 7. O-O O-O 8. dxc5
Bxc5 9. e4 dxe4 10. Nxe4 Nxe4 11. Bxe4 Qxd1 12. Rxd1 Rd8 13. Rxd8+ Nxd8 14. b4
Be7 15. Be3 Bd7 16. Ne5 Ba4 17. Nd3 Bc6 18. Bxc6 Nxc6 19. Kf1 Bf6 20. Rc1 b6
21. b5 Ne5 22. Nxe5 Bxe5 23. c4 Rc8 24. c5 Kf8 25. Ke2 Ke8 26. cxb6 Rxc1 27.
bxa7 Rc2+ 28. Kf3 Rxa2 29. b6 f6 30. b7 Rxa7 31. Bxa7 Kf7 32. b8=Q Bxb8 33.
Bxb8 e5 34. Bd6 Ke6 35. Bf8 Kf7 36. Ba3 Ke6 37. Ke3 Kd5 38. Bf8 g6 39. Kd3 Ke6
40. Ke4 Kf7 41. Bh6 Ke6 42. Bf8 h5 43. h4 Kf7 44. Bb4 Ke6 45. f3 f5+ 46. Kd3
Kd5 47. Ba3 Ke6 48. Kc4 e4 49. fxe4 fxe4 50. Kd4 Kf5 51. Bc1 Kg4 52. Bg5 1-0

[Event "4NCL/Div3/WRO2 vs. GUI3"]
[Site "West Bromwich ENG"]
[Date "2003.05.26"]
[Round "11.8"]
[White "Allinson, Julian"]
[Black "Coupe, Heather L"]
[Result "1-0"]
[WhiteElo "1880"]
[BlackElo "1376"]
[PlyCount "97"]
[EventDate "2003.05.26"]

1. d4 d5 2. c4 e6 3. Nf3 c6 4. Nbd2 f5 5. g3 Bd6 6. Bg2 Nf6 7. O-O Nbd7 8. b3
O-O 9. Bb2 Ne4 10. Ne5 Qf6 11. Ndf3 Qh6 12. Nxd7 Bxd7 13. Ne5 Be8 14. Bc1 Qf6
15. f3 Ng5 16. e4 Nf7 17. Nxf7 Bxf7 18. e5 Bxe5 19. dxe5 Qxe5 20. Bf4 Qf6 21.
Re1 dxc4 22. bxc4 Rfd8 23. Qb3 Rd7 24. Be5 Qe7 25. Qc3 Bg6 26. c5 Rad8 27. Bd6
Qf7 28. Qe5 Re8 29. Bf1 Qf6 30. Bc4 Kf7 31. Re2 Qxe5 32. Rxe5 Kf6 33. Rae1 Bf7
34. a4 b6 35. f4 bxc5 36. Bxc5 Rb7 37. Bd4 Kg6 38. Bxe6 Rd8 39. Bxf7+ Rxf7 40.
Re6+ Kh5 41. Bf2 Rc7 42. h3 g6 43. g4+ fxg4 44. R1e5+ Kh6 45. hxg4 c5 46. Bxc5
Rd1+ 47. Kf2 Rc1 48. Bf8+ Rg7 49. Rh5# 1-0

[Event "4NCL/Div3/MKE vs. NKN1"]
[Site "West Bromwich ENG"]
[Date "2003.05.26"]
[Round "11.1"]
[White "Macdonald-Ross, Michael"]
[Black "Williams, Leighton"]
[Result "1/2-1/2"]
[WhiteElo "2201"]
[BlackElo "2349"]
[PlyCount "88"]
[EventDate "2003.05.26"]

1. d4 Nf6 2. Nf3 g6 3. Nc3 d5 4. Bf4 Bg7 5. e3 O-O 6. Be2 c6 7. Qd2 Bf5 8. Ne5
h5 9. h3 b5 10. a3 Ne4 11. Nxe4 Bxe4 12. f3 f6 13. Nxc6 Nxc6 14. Bxb5 e5 15.
fxe4 Nxd4 16. exd4 exf4 17. exd5 Qxd5 18. Ba4 Qe4+ 19. Kf2 f5 20. c3 Bf6 21.
Rhe1 Bh4+ 22. Kg1 Bxe1 23. Rxe1 Qd5 24. Qxf4 Rab8 25. b4 Rb7 26. Re5 Qd6 27.
Qh6 Rh7 28. Bb3+ Kh8 29. Qg5 Qf6 30. Qxf6+ Rxf6 31. d5 Kg7 32. c4 Kf8 33. c5
Re7 34. Rxe7 Kxe7 35. d6+ Kd7 36. h4 g5 37. hxg5 Rg6 38. Bd5 Rxg5 39. Bf3 h4
40. Kf2 f4 41. Be4 Rg3 42. Bf3 Rg5 43. Be4 Rg3 44. Bf3 Rg5 1/2-1/2

[Event "4NCL/Div3/MKE vs. NKN1"]
[Site "West Bromwich ENG"]
[Date "2003.05.26"]
[Round "11.2"]
[White "Saunders, Robert"]
[Black "Freeman, Richard CP"]
[Result "1/2-1/2"]
[WhiteElo "2177"]
[BlackElo "2066"]
[PlyCount "45"]
[EventDate "2003.05.26"]

1. e4 g6 2. Nc3 Bg7 3. g3 c5 4. Bg2 Nc6 5. d3 d6 6. Be3 e5 7. Qd2 Rb8 8. f4 Nd4
9. Nd1 exf4 10. Bxf4 Nf6 11. c3 Ne6 12. Bh6 Bxh6 13. Qxh6 Ng4 14. Qd2 b5 15. a3
a5 16. Ne2 Qg5 17. Qxg5 Nxg5 18. Nf4 Ne6 19. Nd5 Bb7 20. N1e3 Nxe3 21. Nxe3 O-O
22. Rf1 Kg7 23. Kd2 1/2-1/2

[Event "4NCL/Div3/MKE vs. NKN1"]
[Site "West Bromwich ENG"]
[Date "2003.05.26"]
[Round "11.3"]
[White "Smith, Graham M"]
[Black "Walsh, Chris"]
[Result "1-0"]
[WhiteElo "2118"]
[BlackElo "2204"]
[PlyCount "33"]
[EventDate "2003.05.26"]

1. e4 e6 2. b3 d5 3. Bb2 Nf6 4. e5 Nfd7 5. Qg4 c5 6. f4 Nc6 7. Nf3 Ne7 8. Bd3
a6 9. a4 Rb8 10. Nc3 f5 11. exf6 Nxf6 12. Qg5 Nc6 13. O-O Qc7 14. Rae1 Bd6 15.
Nxd5 Nxd5 16. Qxd5 O-O 17. Qh5 1-0

[Event "4NCL/Div3/MKE vs. NKN1"]
[Site "West Bromwich ENG"]
[Date "2003.05.26"]
[Round "11.4"]
[White "Gandy, Andrew"]
[Black "Elwin, Adrian G"]
[Result "1-0"]
[WhiteElo "2097"]
[BlackElo "2031"]
[PlyCount "73"]
[EventDate "2003.05.26"]

1. d4 d5 2. c4 c6 3. Nc3 Nf6 4. Bg5 Ne4 5. Nxe4 dxe4 6. Qd2 h6 7. Bh4 g5 8. Bg3
Bg7 9. e3 Bf5 10. Ne2 Nd7 11. Nc3 Bg6 12. Be2 Rc8 13. O-O O-O 14. Rad1 Nb6 15.
b3 Re8 16. f3 e5 17. fxe4 exd4 18. exd4 Bxe4 19. Bh5 Bg6 20. Bxg6 fxg6 21. Qd3
Re6 22. Ne4 c5 23. Nxc5 Qxd4+ 24. Qxd4 Bxd4+ 25. Rxd4 Rxc5 26. Rd8+ Kg7 27. Rb8
Rf5 28. Rxb7+ Kf6 29. Rxa7 h5 30. Ra6 h4 31. Rxf5+ gxf5 32. Bf2 Nd7 33. Rxe6+
Kxe6 34. Bd4 Nb8 35. Kf2 g4 36. Ke3 Nc6 37. Bc3 1-0

[Event "4NCL/Div3/MKE vs. NKN1"]
[Site "West Bromwich ENG"]
[Date "2003.05.26"]
[Round "11.5"]
[White "Valentine, Brian J"]
[Black "Morris, Gareth"]
[Result "0-1"]
[WhiteElo "1968"]
[BlackElo "2174"]
[PlyCount "118"]
[EventDate "2003.05.26"]

1. e4 c5 2. Ne2 Nc6 3. Nbc3 Nf6 4. d4 cxd4 5. Nxd4 e5 6. Ndb5 d6 7. Bg5 a6 8.
Na3 b5 9. Nd5 Be7 10. Bxf6 Bxf6 11. c3 Rb8 12. Nc2 Bg5 13. a4 bxa4 14. Ncb4
Nxb4 15. Nxb4 Qb6 16. Qxa4+ Kf8 17. Bxa6 Ra8 18. Qa5 Bd2+ 19. Kxd2 Qxf2+ 20.
Kd3 Bg4 21. Rhe1 g6 22. Qd5 Kg7 23. Qb3 f5 24. Qc2 Qc5 25. Bb7 Qb5+ 26. Ke3
Qxb7 27. Rxa8 Qb6+ 28. Kd2 Qf2+ 29. Kd3 Qxe1 30. Ra7+ Kf8 31. Ra8+ Kf7 32. Ra7+
Ke6 33. Qb3+ Kf6 34. Qf7+ Kg5 35. Kc4 Qxe4+ 36. Kb3 Bd1+ 37. Ka2 Ra8 38. Qe7+
Kg4 39. Qxh7 Rxa7+ 40. Qxa7 Qxg2 41. Qf7 g5 42. Nd5 Qd2 43. c4 Qa5+ 44. Kb1 Qc5
45. h3+ Kxh3 46. Qxf5+ Kh4 47. Qe4+ Bg4 48. Qe1+ Kh3 49. Ne3 Bf3 50. b4 Qc6 51.
Qf1+ Kg3 52. Qe1+ Kf4 53. Kb2 g4 54. Qd2 g3 55. b5 Qc5 56. Nd5+ Kg4 57. Ne3+
Kh3 58. Kb3 Qd4 59. Qe1 g2 0-1

[Event "4NCL/Div3/MKE vs. NKN1"]
[Site "West Bromwich ENG"]
[Date "2003.05.26"]
[Round "11.6"]
[White "Fish, Andrew"]
[Black "Kendall, Paul SW"]
[Result "1/2-1/2"]
[WhiteElo "2109"]
[BlackElo "1944"]
[PlyCount "46"]
[EventDate "2003.05.26"]

1. e4 e5 2. d4 exd4 3. Qxd4 Nc6 4. Qe3 b6 5. Nc3 Bb7 6. Bd2 Nf6 7. O-O-O Qe7 8.
Qg3 O-O-O 9. Bg5 Qc5 10. f4 Nd4 11. Bxf6 gxf6 12. Nf3 Nxf3 {=} 13. gxf3 Bd6 14.
Nd5 Bxd5 15. Rxd5 Qe3+ 16. Kb1 Bxf4 17. Ba6+ Kb8 18. Qg4 Bxh2 19. Rxd7 Qg5 20.
Rhd1 Bd6 21. Qh3 h5 22. Rh1 Qa5 23. Bc4 Qa4 1/2-1/2

[Event "4NCL/Div3/MKE vs. NKN1"]
[Site "West Bromwich ENG"]
[Date "2003.05.26"]
[Round "11.7"]
[White "Shaw, John S"]
[Black "Smith, Olivia"]
[Result "1-0"]
[WhiteElo "1832"]
[BlackElo "1916"]
[PlyCount "59"]
[EventDate "2003.05.26"]

1. d4 Nf6 2. Nf3 d5 3. e3 Bf5 4. c4 c6 5. Nc3 e6 6. Qb3 Qc7 7. cxd5 exd5 8. Bd2
Nbd7 9. Rc1 Qb6 10. Qxb6 axb6 11. Nh4 Be6 12. Bd3 g6 13. f4 Bg7 14. f5 gxf5 15.
Nxf5 Bxf5 16. Bxf5 b5 17. b3 Nb6 18. O-O O-O 19. Bb1 Nc8 20. Rf3 Nd6 21. Rcf1
Nd7 22. Ne2 Ne4 23. Bb4 c5 24. dxc5 Ndxc5 25. Nf4 Rad8 26. Nh5 Kh8 27. Nxg7
Kxg7 28. Bxe4 dxe4 29. Rg3+ Kh8 30. Bxc5 1-0

[Event "4NCL/Div3/MKE vs. NKN1"]
[Site "West Bromwich ENG"]
[Date "2003.05.26"]
[Round "11.8"]
[White "Sinnett, Glyn"]
[Black "Nightingale, Katie"]
[Result "1-0"]
[WhiteElo "1939"]
[BlackElo "1056"]
[PlyCount "67"]
[EventDate "2003.05.26"]

1. d4 d5 2. c4 e6 3. Nc3 Bb4 4. Nf3 Nc6 5. a3 Bxc3+ 6. bxc3 Nf6 7. Bg5 h6 8.
Bh4 O-O 9. e3 Re8 10. Ne5 Nxe5 11. dxe5 g5 12. Bg3 Ne4 13. Qc2 f6 14. f3 Nd6
15. Qg6+ Kf8 16. Qxh6+ Kg8 17. Qg6+ Kf8 18. exd6 cxd6 19. h4 g4 20. h5 e5 21.
h6 Ke7 22. cxd5 Kd7 23. Bb5+ Kc7 24. Bxe8 Qe7 25. Qg7 Qxg7 26. hxg7 gxf3 27.
gxf3 Bd7 28. Bxd7 Kxd7 29. Rh8 Rxh8 30. gxh8=Q b6 31. Qg7+ Kc8 32. Kd2 a5 33.
Rh1 Kd8 34. Rh8# 1-0

[Event "4NCL/Div3/PPA2 vs. SCS"]
[Site "West Bromwich ENG"]
[Date "2003.05.26"]
[Round "11.1"]
[White "Waddington, Michael P"]
[Black "Greet, Andrew N"]
[Result "0-1"]
[WhiteElo "2184"]
[BlackElo "2282"]
[PlyCount "62"]
[EventDate "2003.05.26"]

1. Nc3 c5 2. e4 Nc6 3. f4 g6 4. Nf3 Bg7 5. Bc4 e6 6. O-O Nge7 7. d3 d5 8. Bb3
O-O 9. a4 b6 10. Qe1 Nd4 11. Nxd4 cxd4 12. Ne2 dxe4 13. dxe4 d3 14. Ng3 dxc2
15. Bxc2 Ba6 16. Rf3 Rc8 17. Bb3 Nc6 18. e5 Nd4 19. Rc3 Nxb3 20. Rxb3 Qd5 21.
Rc3 Rxc3 22. bxc3 Bb7 23. Qf2 Rc8 24. Bd2 Bf8 25. Nf1 Qb3 26. Kh1 Rd8 27. Be1
Rd3 28. a5 Bc5 29. Qe2 Qd5 30. axb6 Bxb6 31. Rc1 Qc5 0-1

[Event "4NCL/Div3/PPA2 vs. SCS"]
[Site "West Bromwich ENG"]
[Date "2003.05.26"]
[Round "11.2"]
[White "Dickinson, Timothy R"]
[Black "Sayers, Raymond"]
[Result "1/2-1/2"]
[WhiteElo "2188"]
[BlackElo "2145"]
[PlyCount "39"]
[EventDate "2003.05.26"]

1. e4 d5 2. exd5 Qxd5 3. Nc3 Qa5 4. Bc4 Nf6 5. Nf3 Bf5 6. O-O e6 7. a3 c6 8. b4
Qc7 9. Bb2 Bg4 10. h3 Bh5 11. d3 Nbd7 12. Ne4 Nxe4 13. dxe4 Qf4 14. Qd3 Bxf3
15. Qxf3 Qxf3 16. gxf3 Bd6 17. Rfd1 Ke7 18. Rd3 Rhd8 19. Rad1 Ne5 20. Bxe5
1/2-1/2

[Event "4NCL/Div3/PPA2 vs. SCS"]
[Site "West Bromwich ENG"]
[Date "2003.05.26"]
[Round "11.3"]
[White "Dignam, Matthew"]
[Black "Partington, Anna G"]
[Result "1/2-1/2"]
[WhiteElo "2093"]
[BlackElo "2058"]
[PlyCount "75"]
[EventDate "2003.05.26"]

1. Nf3 d5 2. d4 e6 3. c4 Nf6 4. Nc3 c5 5. cxd5 exd5 6. Bg5 cxd4 7. Bxf6 Qxf6 8.
Nxd5 Qd8 9. Qxd4 Nc6 10. Qe4+ Be6 11. Rd1 Qa5+ 12. Nc3 Bb4 13. Rc1 Qxa2 14.
Qxb4 Nxb4 15. Nxa2 Nxa2 16. Rc7 Bd5 17. e4 Kd8 18. Rc5 Bxe4 19. Ng5 Bg6 20. Bc4
Nb4 21. O-O Rc8 22. Rd1+ Ke7 23. Re5+ Kf6 24. Nf3 Rhd8 25. Rxd8 Rxd8 26. g4 Bd3
27. g5+ Kg6 28. Bb3 Bc2 29. Bxc2+ Nxc2 30. Re7 f6 {=} 31. Rxb7 Rd1+ 32. Kg2 Ra1
33. h4 fxg5 34. hxg5 a5 35. Kg3 Ne1 36. Nh4+ Kxg5 37. Rxg7+ Kf6 38. Rxh7
1/2-1/2

[Event "4NCL/Div3/PPA2 vs. SCS"]
[Site "West Bromwich ENG"]
[Date "2003.05.26"]
[Round "11.4"]
[White "Heaton, Robert"]
[Black "Soh, Edmund"]
[Result "1/2-1/2"]
[WhiteElo "2132"]
[BlackElo "2044"]
[PlyCount "68"]
[EventDate "2003.05.26"]

1. d4 d6 2. e4 Nf6 3. Bd3 e5 4. d5 Nbd7 5. c4 c6 6. Nc3 Nc5 7. f3 Be7 8. Nge2
O-O 9. Be3 Nxd3+ 10. Qxd3 Ne8 11. g4 Bg5 12. Bf2 Bh4 13. Ng3 a6 14. O-O-O c5
15. Kb1 Bd7 16. Be3 Bg5 17. h4 Bxe3 18. Qxe3 b5 19. g5 bxc4 20. Nf5 a5 21. h5
a4 22. g6 Bxf5 23. exf5 h6 24. a3 f6 25. Qe2 Qb6 26. Qxc4 Nc7 27. Rh4 Rfb8 28.
Rd2 Nb5 29. Nxb5 Qxb5 30. Qxb5 Rxb5 31. Ka2 Kf8 32. Rc4 Ke7 33. Rf2 Rbb8 34.
Re2 Ra7 1/2-1/2

[Event "4NCL/Div3/PPA2 vs. SCS"]
[Site "West Bromwich ENG"]
[Date "2003.05.26"]
[Round "11.5"]
[White "Goodger, Martyn"]
[Black "Lutton, E Josiah"]
[Result "0-1"]
[WhiteElo "2109"]
[BlackElo "2032"]
[PlyCount "58"]
[EventDate "2003.05.26"]

1. e4 e6 2. d4 d5 3. Nc3 Bb4 4. e5 c5 5. Qg4 Kf8 6. dxc5 Nc6 7. Nf3 d4 8. a3
Qa5 9. Rb1 dxc3 10. axb4 Qa2 11. bxc3 Qxb1 12. Kd1 Bd7 13. b5 Nce7 14. Bd3 Rd8
15. Nd2 Qa1 16. Qc4 Nd5 17. Ne4 Nge7 18. g3 Ng6 19. c6 bxc6 20. bxc6 Bc8 21. c7
Rd7 22. Qc5+ Kg8 23. c4 Nc3+ 24. Nxc3 Qxc3 25. f4 Rxd3+ 26. cxd3 Qxd3+ 27. Bd2
Qf3+ 28. Kc2 Qxh1 29. Qd4 h6 0-1

[Event "4NCL/Div3/PPA2 vs. SCS"]
[Site "West Bromwich ENG"]
[Date "2003.05.26"]
[Round "11.6"]
[White "Bland, David"]
[Black "Quintana, Marcos I"]
[Result "1-0"]
[WhiteElo "1712"]
[BlackElo "1864"]
[PlyCount "161"]
[EventDate "2003.05.26"]

1. d4 Nf6 2. Nf3 g6 3. c4 Bg7 4. Nc3 O-O 5. e4 d6 6. Be2 c5 7. O-O cxd4 8. Nxd4
Nbd7 9. Be3 a6 10. Qd2 Qc7 11. Rac1 Nc5 12. f3 Bd7 13. b3 Rac8 14. Rfd1 Ne6 15.
Nd5 Qd8 16. Kh1 {=} Nxd4 17. Nxf6+ Bxf6 18. Bxd4 Bxd4 19. Qxd4 Qa5 20. Qb2 Be6
21. Rd2 f5 22. exf5 Rxf5 23. Rcd1 Qe5 24. Qxe5 Rxe5 25. f4 Rxe2 26. Rxe2 Bg4
27. Red2 Bxd1 28. Rxd1 Kf7 29. Kg1 {=} Ke6 30. Kf2 b5 31. Re1+ Kd7 32. cxb5
axb5 33. Re2 Rc3 34. Re3 Rc2+ 35. Re2 Rc3 36. Re3 Rc2+ 37. Re2 Rc8 38. a4 bxa4
39. bxa4 Ra8 40. Ra2 Ra5 41. Ke3 Kc6 42. Kd4 d5 43. Rc2+ Kd6 44. Ra2 h5 45. g3
Ke6 46. h3 Kf5 47. h4 Ke6 48. Ra3 Kd6 49. Ra2 e6 50. Ra3 {=} Ra6 51. Ra2 Kc6
52. a5 Kb5 53. Rb2+ Kc6 54. Rc2+ Kb5 55. Rb2+ Kc6 56. Rc2+ Kd6 57. Ra2 Ra7 58.
Ra1 Ra6 59. Ra2 Kc6 60. Rc2+ Kd6 61. Ra2 Ra7 62. Ra3 Kc6 63. Ke5 Kc5 64. Kxe6
d4 65. Kf6 Kb4 66. Ra1 Rxa5 67. Rd1 Kc3 68. Kxg6 d3 69. f5 Kc2 70. Rf1 d2 71.
f6 Ra6 72. Kg7 d1=Q 73. Rxd1 Kxd1 74. f7 Ra8 75. f8=Q Rxf8 76. Kxf8 Ke2 77. Kg7
Kf3 78. Kg6 Kg4 79. Kh6 Kxg3 80. Kxh5 Kf4 81. Kg6 1-0

[Event "4NCL/Div3/PPA2 vs. SCS"]
[Site "West Bromwich ENG"]
[Date "2003.05.26"]
[Round "11.7"]
[White "Retallick, Lloyd"]
[Black "Miller, Naomi K"]
[Result "1-0"]
[WhiteElo "1856"]
[BlackElo "1616"]
[PlyCount "53"]
[EventDate "2003.05.26"]

1. d4 Nf6 2. c4 g6 3. Nc3 Bg7 4. e4 d6 5. Nf3 O-O 6. Be3 e5 7. dxe5 dxe5 8.
Qxd8 Rxd8 9. Nd5 Nxd5 10. cxd5 f5 11. Bc4 Na6 12. O-O f4 13. Bd2 Rd6 14. Bc3
Nc5 15. Rfe1 Na4 16. Bb4 Rb6 17. Ba3 Nxb2 18. Bb3 a5 19. d6+ Kh8 20. dxc7 a4
21. Bd5 Bg4 22. Rab1 Bxf3 23. gxf3 Rc8 24. Bxb2 Rxc7 25. Bxe5 Rxb1 26. Bxg7+
Kxg7 27. Rxb1 1-0

[Event "4NCL/Div3/PPA2 vs. SCS"]
[Site "West Bromwich ENG"]
[Date "2003.05.26"]
[Round "11.8"]
[White "Lutton, J Arnold"]
[Black "Smith, Robyn"]
[Result "0-1"]
[WhiteElo "1680"]
[BlackElo "1448"]
[PlyCount "118"]
[EventDate "2003.05.26"]

1. e4 e5 2. Nf3 Nc6 3. Bc4 Nf6 4. O-O Bc5 5. d4 exd4 6. e5 d5 7. exf6 dxc4 8.
Re1+ Be6 9. Ng5 Qd5 10. Nc3 Qf5 11. Nce4 Bb6 12. Nxe6 fxe6 13. fxg7 Rg8 14. Bh6
O-O-O 15. Qd2 Ba5 16. Qg5 Bxe1 17. Rxe1 Qxg5 18. Nxg5 e5 19. Ne4 Rd7 20. Nf6
Rdxg7 21. Nxg8 Rxg8 22. Bd2 Kd7 23. Re4 Kd6 24. f3 b5 25. Rh4 Rg7 26. Rh6+ Kd5
27. Rf6 a5 28. c3 b4 29. cxd4 exd4 30. Rf5+ Ke6 31. Rc5 c3 32. bxc3 bxc3 33.
Rxc6+ Kd5 34. Rxc3 dxc3 35. Bxc3 Re7 36. Bxa5 c5 37. Kf2 Ra7 38. Bc3 Rxa2+ 39.
Kg3 Ra3 40. Be1 c4 41. h4 Ke5 42. Kg4 c3 43. Kg5 c2 44. Bd2 Ra6 45. f4+ Ke6 46.
g4 Kf7 47. f5 Ra1 48. Kh6 Kg8 49. g5 c1=Q 50. Bxc1 Rxc1 51. h5 Rc6+ 52. g6 hxg6
53. hxg6 Rf6 54. Kg5 Kg7 55. Kg4 Ra6 56. Kg5 Ra5 57. Kf4 Kf6 58. Ke4 Rxf5 59.
g7 Rg5 0-1

[Event "4NCL/Div4/HKF vs. ATH2 prelims"]
[Site "West Bromwich ENG"]
[Date "2002.11.10"]
[Round "2.1"]
[White "Truran, Michael"]
[Black "Gruettner, Ralf"]
[Result "1/2-1/2"]
[WhiteElo "2205"]
[BlackElo "2053"]
[PlyCount "146"]
[EventDate "2002.11.10"]

1. d4 Nf6 2. c4 g6 3. Nc3 Bg7 4. Nf3 O-O 5. Bf4 d6 6. e3 Nbd7 7. Be2 c5 8. d5
a6 9. a4 Nh5 10. Bg5 h6 11. Bh4 f5 12. Nd2 Nhf6 13. Bg3 Ne5 14. h3 e6 15. O-O
exd5 16. cxd5 Ne8 17. f4 Nf7 18. Nc4 Bd7 19. a5 Rb8 20. Nb6 Nc7 21. Re1 Re8 22.
Bd3 Bb5 23. Qc2 Bxd3 24. Qxd3 Na8 25. Nc4 b5 26. axb6 Nxb6 27. Na5 Qc7 28. Nc6
c4 29. Qd2 Ra8 30. Bh4 g5 31. Bf2 Kf8 32. Nd4 Bxd4 33. Qxd4 Nd7 34. Na4 Re4 35.
Qd1 Nc5 36. Nc3 Ree8 37. fxg5 hxg5 38. Qf3 Nd3 39. Re2 Qd7 40. e4 f4 41. Bd4
Nfe5 42. Qh5 Qg7 43. Rf1 Kg8 44. Kh1 Re7 45. Nd1 Qf6 46. Rc2 Rh7 47. Qe2 Qh6
48. Bxe5 Nxe5 49. Rc3 g4 50. Nf2 f3 51. gxf3 gxf3 52. Qe3 Qxe3 53. Rxe3 Rb8 54.
Rb1 Nd3 55. Nxd3 Rxh3+ 56. Kg1 cxd3 57. Kf2 Rh2+ 58. Kg3 Rbxb2 59. Rxb2 Rxb2
60. Rxd3 f2 61. Kg2 Ra2 62. e5 Kf8 63. e6 Ke8 64. Rb3 Rd2 65. Rb8+ Ke7 66. Rb7+
Kf6 67. Rf7+ Kg6 68. Rf8 Re2 69. Kf1 Re5 70. Rd8 a5 71. Rxd6 a4 72. Rd8 Kf6 73.
Kxf2 a3 1/2-1/2

[Event "4NCL/Div4/HKF vs. ATH2 prelims"]
[Site "West Bromwich ENG"]
[Date "2002.11.10"]
[Round "2.2"]
[White "Stevenson, James AB"]
[Black "Dupre, Paul D"]
[Result "1-0"]
[WhiteElo "2124"]
[BlackElo "2040"]
[PlyCount "45"]
[EventDate "2002.11.10"]

1. e4 e6 2. Nc3 d5 3. d4 Nf6 4. e5 Nfd7 5. f4 c5 6. Nf3 Qb6 7. Be3 Nc6 8. Qd2
a6 9. O-O-O c4 10. f5 Bb4 11. fxe6 fxe6 12. Ng5 Nf8 13. Bxc4 h6 14. Nf3 dxc4
15. d5 Qc7 16. dxc6 b5 17. Rhf1 Ng6 18. Nd4 Rf8 19. Rxf8+ Bxf8 20. Rf1 Qxe5 21.
Qf2 Qc7 22. Qf3 b4 23. Qh5 1-0

[Event "4NCL/Div4/HKF vs. ATH2 prelims"]
[Site "West Bromwich ENG"]
[Date "2002.11.10"]
[Round "2.3"]
[White "Forman, Karl L"]
[Black "McKeown, Paul"]
[Result "0-1"]
[WhiteElo "2036"]
[BlackElo "2043"]
[PlyCount "114"]
[EventDate "2002.11.10"]

1. e4 Nf6 2. e5 Nd5 3. d4 d6 4. Nf3 dxe5 5. dxe5 Bg4 6. c4 Nb4 7. Qxd8+ Kxd8 8.
Na3 Bxf3 9. gxf3 N8c6 10. Bd2 e6 11. O-O-O Kc8 12. f4 Nxa2+ 13. Kb1 Nab4 14.
Be3 Be7 15. Nb5 a6 16. Nc3 Rd8 17. Be2 Rd7 18. Ne4 Kd8 19. Bc5 b6 20. Bxe7+
Kxe7 21. Rxd7+ Kxd7 22. Rg1 g6 23. Nf6+ Ke7 24. Rd1 Rd8 25. Rxd8 Kxd8 26. Nxh7
Nd4 27. Bf1 Nb3 28. Be2 Ke7 29. Nf6 Nc5 30. f5 exf5 31. Nd5+ Nxd5 32. cxd5 a5
33. h4 f4 34. Kc2 Nd7 35. Kd3 Nxe5+ 36. Ke4 f3 37. Bd1 Kd6 38. Ba4 Ng4 39. Kxf3
Nf6 40. Kf4 Nxd5+ 41. Kg5 Ke7 42. f4 Kf8 43. f5 Kg7 44. fxg6 fxg6 45. Be8 Ne7
46. Ba4 c6 47. Bc2 b5 48. Bd1 a4 49. Bc2 c5 50. Bd1 c4 51. Bc2 Nf5 52. h5 Ne3
53. Bxg6 Nd1 54. h6+ Kh8 55. Kf4 Nxb2 56. Bb1 Nd1 57. Bc2 a3 0-1

[Event "4NCL/Div4/HKF vs. ATH2 prelims"]
[Site "West Bromwich ENG"]
[Date "2002.11.10"]
[Round "2.4"]
[White "Pedersen, Carsten"]
[Black "Hogarth, Mark J"]
[Result "1/2-1/2"]
[WhiteElo "1944"]
[BlackElo "1720"]
[PlyCount "48"]
[EventDate "2002.11.10"]

1. e4 c5 2. Nc3 Nc6 3. g3 e6 4. Bg2 g6 5. d3 Bg7 6. f4 Nge7 7. Nf3 Nd4 8. O-O
Nec6 9. Ng5 h6 10. Nh3 Nb4 11. Rf2 Qa5 12. Be3 d6 13. a3 Nbc6 14. Kh1 Bd7 15.
Na2 Qb6 16. Rb1 a5 17. c3 Nb5 18. a4 Nc7 19. b4 axb4 20. cxb4 Nd4 21. bxc5 Qxc5
22. Rb4 e5 23. Bxd4 exd4 24. Rc2 Qa5 1/2-1/2

[Event "4NCL/Div4/HKF vs. ATH2 prelims"]
[Site "West Bromwich ENG"]
[Date "2002.11.10"]
[Round "2.5"]
[White "Dawson, Alistair G"]
[Black "Seymour, Timothy P"]
[Result "0-1"]
[WhiteElo "1792"]
[BlackElo "1688"]
[PlyCount "72"]
[EventDate "2002.11.10"]

1. e4 d5 2. exd5 Nf6 3. d4 Bg4 4. f3 Bf5 5. Bd3 Qxd5 6. Nc3 Qd7 7. Nge2 Nc6 8.
Bf4 O-O-O 9. Bxf5 Qxf5 10. Qd2 e5 11. g4 Qe6 12. Bg3 exd4 13. Nb5 Nd5 14. O-O
Bb4 15. Qd3 Ba5 16. Qc4 Bb6 17. Kh1 Ne3 18. Qxe6+ fxe6 19. Rfc1 a6 20. Na3 Ba5
21. Be1 Bb4 22. Bf2 Bd2 23. Rg1 Ne5 24. Rg3 Rhf8 25. Bxe3 Bxe3 26. Rf1 Rf7 27.
f4 Rdf8 28. Rd1 Bxf4 29. Rg2 Be3 30. h4 Rf2 31. Ng1 Rxg2 32. Kxg2 Nxg4 33. Kg3
Ne5 34. Nb1 Nc4 35. b3 Nd6 36. Nd2 Bxd2 0-1

[Event "4NCL/Div4/HKF vs. ATH2 prelims"]
[Site "West Bromwich ENG"]
[Date "2002.11.10"]
[Round "2.6"]
[White "Winser, Lewis"]
[Black "Greatorex, Roger"]
[Result "0-1"]
[WhiteElo "1760"]
[BlackElo "1704"]
[PlyCount "44"]
[EventDate "2002.11.10"]

1. d4 d5 2. Nf3 Nf6 3. Bf4 Nbd7 4. e3 g6 5. Bd3 Bg7 6. Nbd2 O-O 7. c3 c5 8. h3
c4 9. Bc2 Nh5 10. Bh2 f5 11. Ng5 Nb6 12. f4 e5 13. dxe5 Bxe5 14. Nxc4 Nxc4 15.
fxe5 Nxe3 16. Qd2 Nxc2+ 17. Qxc2 Qxg5 18. O-O Be6 19. Qb3 Rf7 20. Kh1 Ng3+ 21.
Bxg3 Qxg3 22. Rae1 f4 0-1

[Event "4NCL/Div4/AD3 vs. NKN2 prelims"]
[Site "West Bromwich ENG"]
[Date "2002.11.10"]
[Round "2.1"]
[White "Coleman, James"]
[Black "Spencer, Douglas"]
[Result "1-0"]
[WhiteElo "2152"]
[BlackElo "1847"]
[PlyCount "63"]
[EventDate "2002.11.10"]

1. d4 d5 2. Nf3 Nf6 3. Bg5 e6 4. e3 Nbd7 5. Bd3 c6 6. Nbd2 Be7 7. O-O O-O 8. c3
h6 9. Bh4 Re8 10. Re1 c5 11. Ne5 Nxe5 12. dxe5 Nd7 13. Bxe7 Qxe7 14. f4 c4 15.
Bc2 b5 16. a3 Bb7 17. e4 a5 18. exd5 exd5 19. Nf3 b4 20. axb4 axb4 21. Ba4 Red8
22. Bxd7 Rxa1 23. Qxa1 Rxd7 24. Nd4 Qc5 25. Qa4 bxc3 26. bxc3 Re7 27. Rb1 Qc7
28. Qb4 Kh7 29. Nf5 Rd7 30. Qf8 f6 31. exf6 Rf7 32. fxg7 1-0